Dirección general de proyectos de la Alcaldía Municipalidad de Chinandega periodo febrero 2017-diciembre 2017
Presenta la modalidad de prácticas profesionales desarrollada en la Alcaldía Municipal de Chinandega para fortalecer la experiencia laboral, el desarrollo profesional, aportando soluciones prácticas a las necesidades de la población, de tal manera que se logre recopilar y complementar informacio...
| Main Author: | |
|---|---|
| Other Authors: | |
| Format: | Tesis Section = Libro |
| Language: | Undetermined Spanish |
| Published: |
Managua
UNI
2017
|
| Subjects: |
| LEADER | 01363nam a2200277Ia 4500 | ||
|---|---|---|---|
| 008 | 240830s9999 xx 000 0 und d | ||
| 040 | |a BIBLIOTECA-RUSB/ Mon 712.3 Q7 | ||
| 041 | |a spa | ||
| 082 | |a Mon 712.3 Q7 | ||
| 100 | 1 | |a Quiñónez Garay, Efraín Antonio | |
| 245 | 1 | 0 | |a Dirección general de proyectos de la Alcaldía Municipalidad de Chinandega periodo febrero 2017-diciembre 2017 |
| 260 | |a Managua |b UNI |c 2017 | ||
| 300 | |a 106 p. :il. | ||
| 500 | |a Informe de prácticas profesionales. | ||
| 502 | |a Tesis (Arquitecto) - UNI, 2017. | ||
| 520 | 3 | |a Presenta la modalidad de prácticas profesionales desarrollada en la Alcaldía Municipal de Chinandega para fortalecer la experiencia laboral, el desarrollo profesional, aportando soluciones prácticas a las necesidades de la población, de tal manera que se logre recopilar y complementar información para elaborar un documento que evidencie el desarrollo de las prácticas profesionales así como los proyectos realizados. | |
| 650 | 7 | |a PRACTICAS PROFESIONALES | |
| 650 | 7 | |b FORMACION PROFESIONAL | |
| 650 | 7 | |c SUPERVISION DE PROYECTOS | |
| 650 | 7 | |d ARQUITECTURA-DISEÑO Y PLANOS | |
| 650 | 7 | |e DISEÑO ARQUITECTONICO | |
| 650 | 7 | |f CEMENTERIOS MUNICIPALES-DISEÑO Y CONSTRUCCION | |
| 700 | 1 | |a Tutor: |b Pentzke Chamorro, Gerald | |
| 942 | |c BK |2 ddc | ||
| 991 | |a TESIS | ||
| 999 | |c 21070 | ||